Les surprenants chiffres des Français - 11 - Statistiques

Statistiques générales
  • Ce quiz a été pris 10 fois
  • Le résultat moyen est 6 sur 15
Statistiques - réponses
Hint Réponse % Correct
2200 Euros par habitant Budget de l'Education nationale en France
88%
60 % des nouveaux immigrés en France ont le baccalauréat ou équivalent en 2015
75%
21 Juifs français partent pour Israël chaque jour
75%
120 Millions par an Nombre de sacs plastiques échouant sur les côtes françaises
75%
168 Milliards de m3 par an Ressource en eau de pluie de la France métropolitaine
63%
1,2 Million de tonnes de pétrole est produit en France
50%
2500 par an Arbres plantés à Paris
38%
206 par jour Estimation du nombre de viols en France
38%
1,5 Million par an Nombre de colis volés à la Poste
25%
318 par jour Vols de voitures en France
25%
245000 par an Cambriolage en France
13%
5 Millions par an de cahiers de vacances se vendent en France
13%
Environ 2000 km longueur du réseau parisien d'eau potable
13%
2000 Nombre de vélo en libre service à Lille
13%
1 toutes les 10 minutes Vols de deux roues en France
13%
Aucun quiz correspondant
Distribution des résultats
% des personnes avec chaque résultat
Percentile par nombre de réponses
Votre historique - résultats
Vous n’avez pas pris ce quiz